| 000 | 02056nam0a22003371 4500 | ||
|---|---|---|---|
| 001 | v19\rc\1283056 | ||
| 005 | 20060306184418.7 | ||
| 035 | _a(NLR Aleph) 004432838 | ||
| 090 |
_a4292143 _c4292143 |
||
| 100 | _a20060306d1839 |||y0rusy50 ca | ||
| 101 | 1 |
_arus _bger _cita |
|
| 102 | _aRU | ||
| 105 | _ay z ||||| | ||
| 200 | 1 |
_aПолное сведение о пользовании холодной водой, или Ясное изложение правил - как самым верным образом, помощью холодной воды скоро и верно излечивать многие опаснейшие человеческие болезни, с присовокуплением прибавления, заключающего в себе избранные о больных истории _fИзд. для всех образ. сословий д-ром Фабрицием _gС нем. 2 изд. пер. Старорус. воен. госпиталя ст. д-ром, с. с. Михайлом Ламовским |
|
| 210 |
_aСанкт-Петербург _cтип. А. Смирдина _d1839 |
||
| 215 |
_a[8], II, 462 с. _d22 |
||
| 517 | 0 | _aЯсное изложение правил - как самым верным образом, помощью холодной воды скоро и верно излечивать многие опаснейшие человеческие болезни, с присовокуплением прибавления, заключающего в себе избранные о больных истории | |
| 700 | 0 |
_aФабриций _4650 |
|
| 702 | 1 |
_aЛамовский _bМ. П. _f1790-1844 _gМихаил Петрович _4730 |
|
| 801 | 0 |
_aRU _bNLR _gpsbo |
|
| 801 | 0 |
_aRU _bRuMoRGB _2psbo |
|
| 801 | 1 |
_aRU _bProSoft-M _2rusmarc |
|
| 852 |
_aNLR _bМф _jК1/2175 |
||
| 852 |
_aNLR _j18.7.4.24 |
||
| 899 |
_aRuMoRGB _jA 116/78 |
||
| 899 |
_aRuMoRGB _jU 264/194 |
||
| 899 |
_aRuMoRGB _jU 313/242 |
||
| 899 | _aБАН | ||
| 899 | _aНБ СПбГУ | ||
| 942 | _cBOOK | ||
| 980 | _aNB | ||